000 01193nam a2200265Ia 4500
003 OSt
005 20220930094734.0
006 a|||||r|||| 00| 0
007 ta
008 220926b |||||||| |||| 00| 0 san d
024 _a4490
037 _cTheses
040 _aCRL
_cCRL
_bsan
041 _2san
_asan
100 _aसोमवीर
110 _aदिल्ली विश्वविद्यालय.. कला संकाय.. संस्कृत विभाग
_9556160
245 0 _aश्लोकवार्त्तिक एवं तन्त्रवार्त्तिक में भाषातत्व विश्लेषणात्मक अध्ययन
246 _aShlokavārttik evan tantravārttik mean bhāṣhātatva vishleṣhaṇātmak adhyayana
260 _c2011
650 _aसंस्कृत साहित्य
700 _a श्रीवत्स, गा.
700 _aदिल्ली विश्वविद्यालय.. कला संकाय.. संस्कृत विभाग
_9556161
942 _cDIS
_2CC
999 _c887588
_d887588